书目信息 |
| 题名: |
交通系统工程
|
|
| 作者: | 冯树民 编著 | |
| 分册: | ||
| 出版信息: | 北京 知识产权出版社 2009.04 |
|
| 页数: | 301页 | |
| 开本: | 26cm | |
| 丛书名: | ||
| 单 册: | ||
| 中图分类: | U491 | |
| 科图分类: | ||
| 主题词: | 交通工程--jiao tong gong cheng--系统工程--高等学校--教材 | |
| 电子资源: | ||
| ISBN: | 978-7-80247-464-2 | |
| 000 | 00942nam0 2200253 450 | |
| 001 | 012010444593 | |
| 005 | 20100415100813.01 | |
| 010 | @a978-7-80247-464-2@dCNY38.00 | |
| 100 | @a20100415d2009 em y0chiy0120 ea | |
| 101 | 0 | @achi |
| 102 | @aCN@b110000 | |
| 105 | @aa a 000yy | |
| 106 | @ar | |
| 200 | 1 | @a交通系统工程@Ajiao tong xi tong gong cheng@f冯树民编著@Ffeng shu min bian zhu |
| 210 | @a北京@c知识产权出版社@d2009.04 | |
| 215 | @a301页@c图@d26cm | |
| 300 | @a高等院校交通运输工程专业教材 | |
| 320 | @a有书目 (第298-301页) | |
| 330 | @a全书分九章,包括交通系统工程、交通系统分析、交通系统模型、交通系统预测、交通系统优化、交通系统网络技术、交通排队理论、交通系统评价和交通系统决策,覆盖了交通系统中系统工程的应用范围。 | |
| 606 | 0 | @a交通工程@Ajiao tong gong cheng@x系统工程@x高等学校@j教材 |
| 690 | @aU491@v4 | |
| 701 | 0 | @a冯树民@Afeng shu min@4编著 |
| 801 | 0 | @aCN@bQSSK@c20100415 |
| 905 | @b777627-29@dU491@eF514@f3 | |
| 交通系统工程/冯树民编著.-北京:知识产权出版社,2009.04 |
| 301页:图;26cm |
| 高等院校交通运输工程专业教材 |
| ISBN 978-7-80247-464-2:CNY38.00 |
| 全书分九章,包括交通系统工程、交通系统分析、交通系统模型、交通系统预测、交通系统优化、交通系统网络技术、交通排队理论、交通系统评价和交通系统决策,覆盖了交通系统中系统工程的应用范围。 |
| ● |
| 相关链接 |
|
|
|
正题名:交通系统工程
索取号:U491/F514
 
预约/预借
| 序号 | 登录号 | 条形码 | 馆藏地/架位号 | 状态 | 备注 |
| 1 | 777627 | 207776272 | 自科二线400A/400A自科库 25排3列3层/ [索取号:U491/F514] | 在馆 | |
| 2 | 777628 | 207776281 | 自科库501/501自科库 88排2列1层/ [索取号:U491/F514] | 在馆 | |
| 3 | 777629 | 207776290 | 自科库501/501自科库 88排2列1层/ [索取号:U491/F514] | 在馆 |